[Event "DEM U14 2017"]
[Site "Willingen GER"]
[Date "2017.06.06"]
[Round "4"]
[White "Fromm, Marius"]
[Black "Wu, Leon"]
[Result "0-1"]
[Termination "normal"]
[Board "8"]
[WhiteElo "1750"]
[BlackElo "1957"]
[WhiteClock "00:32:15"]
[BlackClock "00:37:06"]
[PlyCount "82"]
[WhiteFideId "12993190"]
[BlackFideId "12977438"]
[EventCountry "GER"]
[EventRounds "9"]
[EventType "swiss"]
[EventDate "2017.06.03"]

1. Nf3 {[%clk 1:30:55]} 1... Nf6 {[%clk 1:30:43]} 2. c4 {[%clk 1:30:49]} 2...
e6 {[%clk 1:30:41]} 3. g3 {[%clk 1:30:45]} 3... b6 {[%clk 1:29:47]} 4. Bg2 {
[%clk 1:30:42]} 4... Bb7 {[%clk 1:29:57]} 5. O-O {[%clk 1:30:40]} 5... Be7 {
[%clk 1:29:49]} 6. b3 {[%clk 1:30:35]} 6... O-O {[%clk 1:29:46]} 7. Bb2 { [%clk
1:30:36]} 7... c5 {[%clk 1:27:44]} 8. Nc3 {[%clk 1:30:08]} 8... d5 { [%clk
1:26:54]} 9. e3 {[%clk 1:29:53]} 9... Nc6 {[%clk 1:25:42]} 10. cxd5 { [%clk
1:28:38]} 10... exd5 {[%clk 1:19:41]} 11. d4 {[%clk 1:27:51]} 11... c4 { [%clk
1:18:07]} 12. bxc4 {[%clk 1:23:23]} 12... dxc4 {[%clk 1:13:24]} 13. Ne5 { [%clk
1:22:09]} 13... Qc8 {[%clk 1:08:43]} 14. Nxc4 {[%clk 1:21:18]} 14... Rd8 {[%clk
0:58:03]} 15. Qe2 {[%clk 1:18:58]} 15... Ba6 {[%clk 0:54:13]} 16. Qf3 { [%clk
0:51:21]} 16... Bxc4 {[%clk 0:48:58]} 17. Qxc6 {[%clk 0:51:37]} 17... Qxc6
{[%clk 0:47:43]} 18. Bxc6 {[%clk 0:51:27]} 18... Rac8 {[%clk 0:47:40]} 19. d5
{[%clk 0:50:50]} 19... Bxf1 {[%clk 0:46:10]} 20. Kxf1 {[%clk 0:51:10]} 20...
Bb4 {[%clk 0:45:01]} 21. Rc1 {[%clk 0:46:45]} 21... Bxc3 {[%clk 0:42:12]} 22.
Rxc3 {[%clk 0:46:56]} 22... Nxd5 {[%clk 0:42:04]} 23. Bxd5 {[%clk 0:47:04]}
23... Rxc3 {[%clk 0:42:22]} 24. Bxf7+ {[%clk 0:47:24]} 24... Kxf7 { [%clk
0:42:42]} 25. Bxc3 {[%clk 0:47:48]} 25... Rc8 {[%clk 0:42:27]} 26. Bb4 { [%clk
0:47:22]} 26... Rc2 {[%clk 0:42:36]} 27. a3 {[%clk 0:47:39]} 27... a5 28. Bd6
{[%clk 0:47:52]} 28... b5 {[%clk 0:41:11]} 29. e4 {[%clk 0:47:48]} 29... Rb2
{[%clk 0:41:01]} 30. f4 {[%clk 0:46:43]} 30... Rxh2 {[%clk 0:40:17]} 31. f5
{[%clk 0:45:52]} 31... Rb2 {[%clk 0:39:39]} 32. e5 {[%clk 0:45:27]} 32... b4 {
[%clk 0:37:54]} 33. e6+ {[%clk 0:45:35]} 33... Kg8 {[%clk 0:37:57]} 34. axb4 {
[%clk 0:45:14]} 34... axb4 {[%clk 0:38:02]} 35. g4 {[%clk 0:42:48]} 35... h6 {
[%clk 0:38:14]} 36. Be5 {[%clk 0:38:38]} 36... Ra2 {[%clk 0:37:42]} 37. Ke1 {
[%clk 0:37:26]} 37... Rg2 {[%clk 0:37:14]} 38. e7 {[%clk 0:34:35]} 38... Kf7 {
[%clk 0:37:13]} 39. Bxg7 {[%clk 0:33:25]} 39... b3 {[%clk 0:36:44]} 40. Kf1 {
[%clk 0:33:00]} 40... Ra2 {[%clk 0:36:48]} 41. g5 {[%clk 0:32:15]} 41... hxg5 {
[%clk 0:37:06]} 0-1

[Event "DEM U14 2017"]
[Site "Willingen GER"]
[Date "2017.06.06"]
[Round "4"]
[White "Kotyk, Michael"]
[Black "Sulayev, Daniel"]
[Result "0-1"]
[Termination "normal"]
[Board "9"]
[WhiteElo "1927"]
[BlackElo "1961"]
[WhiteClock "00:45:08"]
[BlackClock "00:43:47"]
[PlyCount "102"]
[WhiteFideId "16214501"]
[BlackFideId "12977675"]
[EventCountry "GER"]
[EventRounds "9"]
[EventType "swiss"]
[EventDate "2017.06.03"]

1. d4 {[%clk 1:30:59]} 1... Nf6 {[%clk 1:30:55]} 2. c4 {[%clk 1:31:26]} 2... c5
{[%clk 1:31:18]} 3. d5 {[%clk 1:31:53]} 3... b5 {[%clk 1:31:38]} 4. cxb5 {
[%clk 1:32:20]} 4... a6 {[%clk 1:32:04]} 5. e3 {[%clk 1:32:47]} 5... g6 { [%clk
1:32:21]} 6. Nc3 {[%clk 1:33:11]} 6... axb5 {[%clk 1:32:34]} 7. Bxb5 { [%clk
1:33:18]} 7... Ba6 {[%clk 1:32:57]} 8. Bxa6 {[%clk 1:32:57]} 8... Nxa6 { [%clk
1:33:15]} 9. Nf3 {[%clk 1:33:00]} 9... Bg7 {[%clk 1:33:36]} 10. O-O { [%clk
1:33:12]} 10... O-O {[%clk 1:34:00]} 11. e4 {[%clk 1:32:57]} 11... d6 { [%clk
1:34:11]} 12. a4 {[%clk 1:28:12]} 12... Qb6 {[%clk 1:31:39]} 13. Re1 { [%clk
1:27:04]} 13... Nd7 {[%clk 1:31:19]} 14. Nb5 {[%clk 1:25:14]} 14... Nc7 { [%clk
1:31:12]} 15. Nxc7 {[%clk 1:25:02]} 15... Qxc7 {[%clk 1:31:39]} 16. Qc2 { [%clk
1:23:58]} 16... Rfb8 {[%clk 1:30:26]} 17. Ra2 {[%clk 1:23:56]} 17... Qb6 {[%clk
1:19:18]} 18. Nd2 {[%clk 1:18:46]} 18... Ne5 {[%clk 1:12:43]} 19. b3 { [%clk
1:14:35]} 19... Qb4 {[%clk 1:04:29]} 20. Ba3 {[%clk 1:14:30]} 20... Qa5 { [%clk
1:04:28]} 21. f4 {[%clk 1:10:47]} 21... c4 {[%clk 1:03:03]} 22. b4 { [%clk
1:10:45]} 22... Qb6+ {[%clk 1:03:02]} 23. Kf1 {[%clk 1:01:45]} 23... Nd3 {[%clk
0:57:23]} 24. Re2 {[%clk 1:02:04]} 24... Nxf4 {[%clk 0:49:35]} 25. Nxc4 {[%clk
1:02:16]} 25... Qa6 {[%clk 0:44:49]} 26. Rf2 {[%clk 0:56:32]} 26... Nh5 {[%clk
0:44:51]} 27. b5 {[%clk 0:53:37]} 27... Qxa4 {[%clk 0:44:17]} 28. Qxa4 { [%clk
0:53:02]} 28... Rxa4 {[%clk 0:44:40]} 29. Bxd6 {[%clk 0:53:23]} 29... Rba8
{[%clk 0:44:55]} 30. Rxa4 {[%clk 0:53:13]} 30... Rxa4 {[%clk 0:45:08]} 31. b6
{[%clk 0:51:41]} 31... exd6 {[%clk 0:43:33]} 32. Nxd6 {[%clk 0:51:34]} 32...
Ra1+ {[%clk 0:43:52]} 33. Ke2 {[%clk 0:52:02]} 33... Ra2+ {[%clk 0:44:08]} 34.
Kf3 {[%clk 0:52:28]} 34... Rxf2+ {[%clk 0:44:33]} 35. Kxf2 {[%clk 0:52:55]}
35... Bd4+ {[%clk 0:44:56]} 36. Kf3 {[%clk 0:53:01]} 36... Bxb6 {[%clk 0:45:19]
} 37. Nc4 {[%clk 0:51:30]} 37... Bd8 {[%clk 0:45:01]} 38. Nd6 {[%clk 0:50:28]}
38... Ng7 {[%clk 0:44:36]} 39. h3 {[%clk 0:49:26]} 39... f6 {[%clk 0:44:18]}
40. Nc4 {[%clk 0:48:33]} 40... Kf7 {[%clk 0:43:20]} 41. Ke3 {[%clk 0:48:50]}
41... Bc7 {[%clk 0:43:21]} 42. Kd4 {[%clk 0:49:11]} 42... Ke7 {[%clk 0:43:22]}
43. Kc5 {[%clk 0:49:14]} 43... Ne8 {[%clk 0:43:42]} 44. Kc6 {[%clk 0:48:56]}
44... Bf4 {[%clk 0:43:44]} 45. Nb6 {[%clk 0:45:45]} 45... Nd6 {[%clk 0:43:38]}
46. g4 {[%clk 0:45:29]} 46... Nxe4 {[%clk 0:43:19]} 47. d6+ {[%clk 0:45:12]}
47... Bxd6 {[%clk 0:43:20]} 48. Kd5 {[%clk 0:45:11]} 48... Nc3+ {[%clk 0:43:24]
} 49. Kc4 {[%clk 0:45:30]} 49... Be5 {[%clk 0:43:34]} 50. Kc5 {[%clk 0:44:50]}
50... Ne4+ {[%clk 0:43:24]} 51. Kd5 {[%clk 0:45:08]} 51... Nf2 {[%clk 0:43:47]}
0-1

[Event "DEM U14 2017"]
[Site "Willingen GER"]
[Date "2017.06.06"]
[Round "4"]
[White "Stork, Oliver"]
[Black "Pahl, Erik"]
[Result "1-0"]
[Termination "normal"]
[Board "10"]
[WhiteElo "2012"]
[BlackElo "1775"]
[WhiteClock "00:11:22"]
[BlackClock "00:23:55"]
[PlyCount "43"]
[WhiteFideId "12955728"]
[BlackFideId "16201272"]
[EventCountry "GER"]
[EventRounds "9"]
[EventType "swiss"]
[EventDate "2017.06.03"]

1. c4 {[%clk 1:30:58]} 1... c6 {[%clk 1:29:47]} 2. Nf3 {[%clk 1:31:18]} 2... d5
{[%clk 1:30:12]} 3. e3 {[%clk 1:31:42]} 3... Bg4 {[%clk 1:28:40]} 4. Qb3 {
[%clk 1:25:31]} 4... Qc7 {[%clk 1:21:30]} 5. Ne5 5... Qxe5 {[%clk 1:10:37]} 6.
Qxb7 {[%clk 1:10:04]} 6... Nf6 {[%clk 1:04:45]} 7. d4 {[%clk 1:04:17]} 7... Qd6
{[%clk 1:02:30]} 8. c5 {[%clk 0:58:28]} 8... Qd7 {[%clk 1:00:27]} 9. Qxa8 {
[%clk 0:58:51]} 9... Qc7 {[%clk 0:59:27]} 10. b4 {[%clk 0:45:36]} 10... e5 {
[%clk 0:49:50]} 11. b5 {[%clk 0:41:41]} 11... Kd7 {[%clk 0:45:49]} 12. Nc3 {
[%clk 0:32:56]} 12... exd4 {[%clk 0:40:44]} 13. exd4 {[%clk 0:31:01]} 13...
Bxc5 {[%clk 0:37:05]} 14. dxc5 {[%clk 0:16:56]} 14... Qe5+ {[%clk 0:36:47]} 15.
Kd2 {[%clk 0:17:21]} 15... d4 {[%clk 0:31:34]} 16. bxc6+ {[%clk 0:13:23]} 16...
Kd8 {[%clk 0:28:34]} 17. Bd3 {[%clk 0:10:00]} 17... dxc3+ {[%clk 0:27:53]} 18.
Kc2 {[%clk 0:10:24]} 18... Nd5 {[%clk 0:26:35]} 19. Rb1 {[%clk 0:10:36]} 19...
Ke7 {[%clk 0:23:39]} 20. Re1 {[%clk 0:10:39]} 20... Nb4+ {[%clk 0:23:32]} 21.
Rxb4 {[%clk 0:11:04]} 21... Qxe1 {[%clk 0:23:55]} 22. Re4+ {[%clk 0:11:22]} 1-0

[Event "DEM U14 2017"]
[Site "Willingen GER"]
[Date "2017.06.06"]
[Round "4"]
[White "Suvorov, Alexander"]
[Black "Burian, Simon"]
[Result "1/2-1/2"]
[Termination "normal"]
[Board "11"]
[WhiteElo "2196"]
[BlackElo "1934"]
[WhiteClock "00:05:22"]
[BlackClock "00:25:59"]
[PlyCount "60"]
[WhiteFideId "12977063"]
[BlackFideId "12956902"]
[EventCountry "GER"]
[EventRounds "9"]
[EventType "swiss"]
[EventDate "2017.06.03"]

1. d4 {[%clk 1:30:58]} 1... Nf6 {[%clk 1:30:45]} 2. c4 {[%clk 1:31:24]} 2... c5
{[%clk 1:31:01]} 3. d5 {[%clk 1:31:49]} 3... b5 {[%clk 1:31:17]} 4. Qc2 { [%clk
1:32:15]} 4... bxc4 {[%clk 1:31:07]} 5. e4 {[%clk 1:32:34]} 5... d6 { [%clk
1:31:17]} 6. Bxc4 {[%clk 1:32:53]} 6... g6 {[%clk 1:31:05]} 7. Nf3 { [%clk
1:32:59]} 7... Bg7 {[%clk 1:30:39]} 8. O-O {[%clk 1:33:20]} 8... O-O { [%clk
1:30:41]} 9. h3 {[%clk 1:33:39]} 9... Ba6 {[%clk 1:29:13]} 10. Na3 { [%clk
1:33:35]} 10... Bxc4 {[%clk 1:27:14]} 11. Nxc4 {[%clk 1:30:47]} 11... Na6
{[%clk 1:23:45]} 12. Bd2 {[%clk 1:20:39]} 12... Nd7 {[%clk 1:17:05]} 13. a3 {
[%clk 1:17:54]} 13... Nb6 {[%clk 1:11:13]} 14. Na5 {[%clk 1:16:52]} 14... Qc7 {
[%clk 1:08:22]} 15. Rac1 {[%clk 1:07:09]} 15... Rfc8 {[%clk 1:06:02]} 16. b4 {
[%clk 0:59:22]} 16... Qd7 {[%clk 1:01:26]} 17. Nc6 {[%clk 0:47:48]} 17... e6 {
[%clk 0:54:37]} 18. Qa2 {[%clk 0:20:44]} 18... exd5 {[%clk 0:44:17]} 19. exd5 {
[%clk 0:20:33]} 19... Nc7 {[%clk 0:42:53]} 20. bxc5 {[%clk 0:18:28]} 20...
Nbxd5 {[%clk 0:39:35]} 21. cxd6 {[%clk 0:18:00]} 21... Qxd6 {[%clk 0:39:38]}
22. Rfe1 {[%clk 0:17:50]} 22... Re8 {[%clk 0:37:07]} 23. Rxe8+ {[%clk 0:17:43]}
23... Rxe8 {[%clk 0:37:23]} 24. Qb3 {[%clk 0:15:12]} 24... a6 {[%clk 0:33:55]}
25. Na5 {[%clk 0:07:36]} 25... Nf4 {[%clk 0:28:38]} 26. Bxf4 {[%clk 0:06:58]}
26... Qxf4 {[%clk 0:28:52]} 27. Qc4 {[%clk 0:04:52]} 27... Qxc4 {[%clk 0:28:13]
} 28. Rxc4 {[%clk 0:05:18]} 28... Nd5 {[%clk 0:27:03]} 29. Rc6 {[%clk 0:05:08]}
29... Re6 {[%clk 0:26:01]} 30. Rc8+ {[%clk 0:05:22]} 30... Bf8 {[%clk 0:25:59]}
1/2-1/2

[Event "DEM U14 2017"]
[Site "Willingen GER"]
[Date "2017.06.06"]
[Round "4"]
[White "Wagner, Benjamin"]
[Black "Wu, Luka"]
[Result "1-0"]
[Termination "normal"]
[Board "12"]
[WhiteElo "1991"]
[BlackElo "1874"]
[WhiteClock "00:20:39"]
[BlackClock "00:07:58"]
[PlyCount "131"]
[WhiteFideId "12957330"]
[BlackFideId "12977420"]
[EventCountry "GER"]
[EventRounds "9"]
[EventType "swiss"]
[EventDate "2017.06.03"]

1. e4 {[%clk 1:30:57]} 1... c5 {[%clk 1:30:55]} 2. Nf3 {[%clk 1:31:23]} 2... d6
{[%clk 1:31:21]} 3. d4 {[%clk 1:31:52]} 3... cxd4 {[%clk 1:31:43]} 4. Nxd4 {
[%clk 1:32:20]} 4... Nf6 {[%clk 1:32:05]} 5. Nc3 {[%clk 1:32:48]} 5... a6 {
[%clk 1:32:28]} 6. Bg5 {[%clk 1:33:04]} 6... e6 {[%clk 1:32:53]} 7. f4 { [%clk
1:33:17]} 7... Be7 {[%clk 1:33:12]} 8. Qf3 {[%clk 1:33:24]} 8... Nbd7 { [%clk
1:33:36]} 9. O-O-O {[%clk 1:33:47]} 9... Qc7 {[%clk 1:34:00]} 10. Bd3 { [%clk
1:33:23]} 10... b5 {[%clk 1:30:51]} 11. Rhe1 {[%clk 1:33:43]} 11... Bb7 { [%clk
1:31:00]} 12. Qg3 {[%clk 1:33:18]} 12... b4 {[%clk 1:05:32]} 13. Nd5 { [%clk
1:32:06]} 13... Bxd5 {[%clk 0:24:56]} 14. exd5 {[%clk 1:31:32]} 14... Nxd5
{[%clk 0:25:16]} 15. Bxe7 {[%clk 1:30:09]} 15... Nxe7 {[%clk 0:25:38]} 16. Qxg7
{[%clk 1:26:09]} 16... Rg8 {[%clk 0:25:58]} 17. Qxh7 {[%clk 1:25:11]} 17... Nf6
{[%clk 0:25:47]} 18. Qh4 {[%clk 1:16:35]} 18... Nfd5 {[%clk 0:25:45]} 19. Be4
{[%clk 1:10:56]} 19... O-O-O {[%clk 0:24:56]} 20. Qf2 {[%clk 1:02:00]} 20...
Qb6 {[%clk 0:15:09]} 21. Qf3 {[%clk 0:51:35]} 21... Nf6 {[%clk 0:13:24]} 22.
Bd3 {[%clk 0:46:15]} 22... Ned5 {[%clk 0:12:52]} 23. h4 {[%clk 0:44:09]} 23...
Rg4 {[%clk 0:12:48]} 24. g3 {[%clk 0:43:01]} 24... Rdg8 {[%clk 0:12:46]} 25.
Ne2 {[%clk 0:41:47]} 25... Nh5 {[%clk 0:06:29]} 26. Bh7 {[%clk 0:33:19]} 26...
R8g7 {[%clk 0:06:04]} 27. Rxd5 {[%clk 0:24:50]} 27... Nf6 {[%clk 0:04:22] } 28.
Rg5 {[%clk 0:18:59]} 28... R4xg5 {[%clk 0:04:37]} 29. hxg5 { [%clk 0:18:59]}
29... Nxh7 {[%clk 0:05:02]} 30. Qa8+ {[%clk 0:18:41]} 30... Qb8 {[%clk
0:04:28]} 31. Qxa6+ {[%clk 0:18:23]} 31... Kd7 {[%clk 0:04:31]} 32. Nd4 {[%clk
0:18:07]} 32... Nf8 {[%clk 0:03:46]} 33. Qa4+ {[%clk 0:15:33]} 33... Kc7 {[%clk
0:03:10]} 34. Qc6+ {[%clk 0:15:05]} 34... Kd8 {[%clk 0:03:35]} 35. Nf5 { [%clk
0:15:12]} 35... Rh7 {[%clk 0:03:07]} 36. Nxd6 {[%clk 0:15:00]} 36... Nd7 {[%clk
0:02:44]} 37. Rd1 {[%clk 0:14:42]} 37... Qc7 {[%clk 0:01:05]} 38. Qxc7+ {[%clk
0:14:12]} 38... Kxc7 {[%clk 0:01:32]} 39. Ne8+ {[%clk 0:14:33]} 39... Kc8
{[%clk 0:01:25]} 40. Rxd7 {[%clk 0:14:57]} 40... Rh1+ {[%clk 0:01:06]} 41. Rd1
{[%clk 0:15:22]} 41... Rh3 {[%clk 0:01:30]} 42. Nd6+ {[%clk 0:15:37]} 42... Kc7
{[%clk 0:01:57]} 43. Nxf7 {[%clk 0:16:00]} 43... Rxg3 {[%clk 0:02:22]} 44. Ne5
{[%clk 0:16:21]} 44... Rg2 {[%clk 0:02:39]} 45. g6 {[%clk 0:16:37]} 45... Kb6
{[%clk 0:03:03]} 46. b3 {[%clk 0:16:24]} 46... Kc5 {[%clk 0:03:08]} 47. Rd7
{[%clk 0:16:36]} 47... Rg3 {[%clk 0:03:20]} 48. g7 {[%clk 0:16:47]} 48... Rg2 {
[%clk 0:03:44]} 49. Nf3 {[%clk 0:17:05]} 49... Rg6 {[%clk 0:03:48]} 50. Ng5 {
[%clk 0:17:04]} 50... Kc6 {[%clk 0:04:10]} 51. Re7 {[%clk 0:17:19]} 51... Kd5 {
[%clk 0:04:21]} 52. Nh7 {[%clk 0:17:23]} 52... Kd6 {[%clk 0:04:29]} 53. Ra7 {
[%clk 0:17:41]} 53... Rg1+ {[%clk 0:04:35]} 54. Kb2 {[%clk 0:18:07]} 54... e5 {
[%clk 0:05:02]} 55. f5 {[%clk 0:18:18]} 55... e4 {[%clk 0:05:14]} 56. Nf6 {
[%clk 0:18:25]} 56... e3 {[%clk 0:05:38]} 57. g8=Q {[%clk 0:18:43]} 57... Rxg8
{[%clk 0:05:51]} 58. Nxg8 {[%clk 0:19:08]} 58... e2 {[%clk 0:06:02]} 59. Re7 {
[%clk 0:19:34]} 59... Kd5 {[%clk 0:06:26]} 60. Rxe2 {[%clk 0:19:47]} 60... Kd6
{[%clk 0:06:49]} 61. f6 {[%clk 0:19:33]} 61... Kd5 {[%clk 0:06:25]} 62. f7 {
[%clk 0:20:00]} 62... Kd6 {[%clk 0:06:46]} 63. f8=Q+ {[%clk 0:20:24]} 63... Kd5
{[%clk 0:07:13]} 64. Qd8+ {[%clk 0:20:39]} 64... Kc5 {[%clk 0:07:36]} 65. Re6 {
[%clk 0:20:32]} 65... Kb5 {[%clk 0:07:58]} 66. Qb6# {[%clk 0:20:39]} 1-0

[Event "DEM U14 2017"]
[Site "Willingen GER"]
[Date "2017.06.06"]
[Round "4"]
[White "Lieberwirth, Kasimir"]
[Black "Fidlin, Simon"]
[Result "1-0"]
[Termination "normal"]
[Board "13"]
[WhiteElo "2009"]
[BlackElo "1841"]
[PlyCount "75"]
[WhiteFideId "12988146"]
[BlackFideId "16217535"]
[EventCountry "GER"]
[EventRounds "9"]
[EventType "swiss"]
[EventDate "2017.06.03"]

1. e4 c5 2. Ne2 e5 3. g3 Nc6 4. Bg2 d6 5. O-O Nge7 6. c3 g6 7. d4 cxd4 8. cxd4
Bg7 9. d5 Nb8 10. Be3 O-O 11. Nbc3 a6 12. Rc1 Nd7 13. Qb3 f5 14. f3 Kh8 15. Qb4
Nf6 16. Bb6 Qd7 17. a4 Bh6 18. Rc2 f4 19. gxf4 Nh5 20. fxe5 dxe5 21. Nd1 Rf7
22. Rc7 Qe8 23. Qd6 Nf4 24. Nxf4 Bxf4 25. Nf2 Ng8 26. Rxf7 Qxf7 27. Nd3 Qe7 28.
Qxe7 Nxe7 29. Bc7 Bd7 30. Nxf4 exf4 31. Bxf4 Bxa4 32. Bh3 Bb5 33. Rc1 Ng8 34.
Be5+ Nf6 35. Bxf6+ Kg8 36. Be6+ Kf8 37. Rc7 Be8 38. Bg7# 1-0

[Event "DEM U14 2017"]
[Site "Willingen GER"]
[Date "2017.06.06"]
[Round "4"]
[White "Woelk, Tom-Frederic"]
[Black "Merk, Daniel"]
[Result "1/2-1/2"]
[Termination "normal"]
[Board "14"]
[WhiteElo "2033"]
[BlackElo "1900"]
[PlyCount "44"]
[WhiteFideId "12993077"]
[BlackFideId "12938386"]
[EventCountry "GER"]
[EventRounds "9"]
[EventType "swiss"]
[EventDate "2017.06.03"]

1. e4 c6 2. Nc3 d5 3. Nf3 Bg4 4. h3 Bxf3 5. Qxf3 Nf6 6. g3 e6 7. Bg2 Be7 8. O-O
dxe4 9. Nxe4 Nbd7 10. a3 Nxe4 11. Qxe4 Nf6 12. Qe2 O-O 13. b4 Qd7 14. Rb1 a6
15. Rd1 Rfd8 16. d4 Nd5 17. Rb3 b5 18. c4 Nb6 19. cxb5 axb5 20. Qe4 Nd5 21. Qg4
Nb6 22. Qe4 Nd5 1/2-1/2

[Event "DEM U14 2017"]
[Site "Willingen GER"]
[Date "2017.06.06"]
[Round "4"]
[White "Dietz, Florian"]
[Black "Longo, Massimo"]
[Result "0-1"]
[Termination "normal"]
[Board "15"]
[WhiteElo "1913"]
[BlackElo "1912"]
[PlyCount "54"]
[WhiteFideId "12939897"]
[BlackFideId "16205227"]
[EventCountry "GER"]
[EventRounds "9"]
[EventType "swiss"]
[EventDate "2017.06.03"]

1. e4 e6 2. d4 d5 3. Nc3 Nf6 4. e5 Nfd7 5. f4 c5 6. Nf3 Nc6 7. Be3 a6 8. Qd2
cxd4 9. Nxd4 Bc5 10. Be2 O-O 11. Nb3 Bxe3 12. Qxe3 f6 13. exf6 Qxf6 14. Rd1 Nb4
15. Bd3 Qxf4 16. Qxe6+ Kh8 17. Qe2 Ne5 18. Rf1 Nexd3+ 19. Rxd3 Nxc2+ 20. Kd1
Qxf1+ 21. Qxf1 Rxf1+ 22. Kxc2 Bf5 23. Nxd5 Rf2+ 24. Kc3 Bxd3 25. Kxd3 Rd8 26.
Kc4 Rc2+ 27. Nc3 Rxg2 0-1

[Event "DEM U14 2017"]
[Site "Willingen GER"]
[Date "2017.06.06"]
[Round "4"]
[White "Gutkin, Ilya"]
[Black "Weishäutel, Moritz"]
[Result "0-1"]
[Termination "normal"]
[Board "16"]
[WhiteElo "1860"]
[BlackElo "2102"]
[PlyCount "90"]
[WhiteFideId "16203470"]
[BlackFideId "12967300"]
[EventCountry "GER"]
[EventRounds "9"]
[EventType "swiss"]
[EventDate "2017.06.03"]

1. e4 e5 2. Nf3 Nc6 3. Bc4 Bc5 4. c3 Nf6 5. d3 O-O 6. b4 Bb6 7. a4 a6 8. O-O d6
9. Nbd2 Ne7 10. Re1 Ng6 11. Nf1 Be6 12. Ba2 Qd7 13. Be3 Ba7 14. Bxa7 Rxa7 15.
Ng3 Raa8 16. d4 Bxa2 17. Rxa2 Rfe8 18. Rd2 Qc6 19. Qb3 b5 20. Ra2 Qb7 21. Ng5
Rf8 22. Nf3 Rae8 23. axb5 axb5 24. d5 Ra8 25. Rea1 c6 26. dxc6 Qxc6 27. Rxa8
Rxa8 28. Rxa8+ Qxa8 29. h4 Nxe4 30. Nxe4 Qxe4 31. Qxf7+ Kxf7 32. Ng5+ Ke7 33.
Nxe4 Nxh4 34. f3 h6 35. Kf2 Ke6 36. g4 Kd5 37. Nd2 Ng6 38. Ke3 Nf4 39. Ne4 Ne6
40. Kd3 Ng5 41. Nd2 Nxf3 42. Ne4 Ng5 43. Ng3 g6 44. Nf1 e4+ 45. Kc2 Ke5 0-1

[Event "DEM U14 2017"]
[Site "Willingen GER"]
[Date "2017.06.06"]
[Round "4"]
[White "Kölle, Tobias"]
[Black "Henning, Marvin"]
[Result "1/2-1/2"]
[Termination "normal"]
[Board "17"]
[WhiteElo "2069"]
[BlackElo "1946"]
[PlyCount "121"]
[WhiteFideId "16207378"]
[BlackFideId "12957399"]
[EventCountry "GER"]
[EventRounds "9"]
[EventType "swiss"]
[EventDate "2017.06.03"]

1. d4 b5 2. e4 Bb7 3. Bd3 a6 4. Nf3 e6 5. O-O c5 6. dxc5 Bxc5 7. Nbd2 d6 8. Nb3
Nd7 9. Qe2 Qc7 10. c3 Ngf6 11. Bc2 e5 12. Bg5 h6 13. Nxc5 dxc5 14. Bh4 O-O 15.
Rad1 Rfe8 16. Bg3 Nb6 17. b3 Bc8 18. h3 Nh5 19. Bh2 Nf4 20. Qe3 Ng6 21. Qd2 f6
22. Qd6 Ra7 23. Qxc7 Rxc7 24. Rd6 Nd7 25. Rfd1 Kf7 26. Bd3 Re6 27. Rxe6 Kxe6
28. Be2 Nb6 29. Ne1 Ke7 30. Bh5 Nf8 31. f4 exf4 32. Bxf4 Rd7 33. Be3 Ne6 34.
Nd3 c4 35. Bxb6 cxd3 36. Be3 Bb7 37. Bf3 g5 38. Kf2 a5 39. Ke1 a4 40. Kd2 axb3
41. axb3 Kd6 42. Bd4 Nc5 43. Bxc5+ Kxc5 44. Ke3 b4 45. c4 d2 46. Rxd2 Rxd2 47.
Kxd2 Kd4 48. e5 Bxf3 49. gxf3 fxe5 50. Ke2 e4 51. h4 gxh4 52. fxe4 Kxe4 53. Kf2
Kf4 54. Kg2 Kg4 55. Kg1 Kg5 56. Kh2 Kf4 57. Kh3 Kg5 58. Kg2 Kg4 59. Kf2 Kf4 60.
Kg1 Kg5 61. Kg2 1/2-1/2

[Event "DEM U14 2017"]
[Site "Willingen GER"]
[Date "2017.06.06"]
[Round "4"]
[White "Nguyen, Alex Dac-Vuong"]
[Black "Tham, Minh"]
[Result "1-0"]
[Termination "normal"]
[Board "18"]
[WhiteElo "2051"]
[BlackElo "1895"]
[PlyCount "65"]
[WhiteFideId "12984388"]
[BlackFideId "12997323"]
[EventCountry "GER"]
[EventRounds "9"]
[EventType "swiss"]
[EventDate "2017.06.03"]

1. e4 e5 2. Nf3 Nc6 3. Bc4 Bc5 4. c3 Nf6 5. d3 d6 6. Bb3 a6 7. O-O O-O 8. Nbd2
Ba7 9. h3 h6 10. Re1 Nh5 11. Nf1 Qf6 12. Be3 Nf4 13. Ng3 g6 14. d4 Rd8 15. Nf1
Kg7 16. N1h2 Bd7 17. Qd2 g5 18. Rad1 Ne7 19. dxe5 dxe5 20. Bxa7 Rxa7 21. Ng4
Bxg4 22. Qxd8 Nxh3+ 23. gxh3 Bxf3 24. Rd7 Ra8 25. Qxe7 Rf8 26. Qxf6+ Kxf6 27.
Rxc7 g4 28. Re3 h5 29. h4 Kg6 30. Rxb7 f5 31. Rb6+ Kg7 32. exf5 Rxf5 33. Bc2
1-0

[Event "DEM U14 2017"]
[Site "Willingen GER"]
[Date "2017.06.06"]
[Round "4"]
[White "Yankelevich, Michael"]
[Black "Paeslack, Luis"]
[Result "1-0"]
[Termination "normal"]
[Board "19"]
[WhiteElo "1886"]
[BlackElo "1856"]
[PlyCount "63"]
[WhiteFideId "12921440"]
[BlackFideId "12987760"]
[EventCountry "GER"]
[EventRounds "9"]
[EventType "swiss"]
[EventDate "2017.06.03"]

1. e4 c5 2. Nf3 d6 3. d4 cxd4 4. Nxd4 Nf6 5. f3 e5 6. Bb5+ Bd7 7. Bxd7+ Nbxd7
8. Nf5 d5 9. exd5 Nb6 10. O-O Nfxd5 11. Re1 Qf6 12. Qd4 O-O-O 13. Qg4 Rd7 14.
Bg5 Qe6 15. Qe4 Bc5+ 16. Kh1 f6 17. Bd2 Rhd8 18. a4 g6 19. Ng3 Ne7 20. a5 Nc4
21. Bc3 a6 22. Qe2 f5 23. Nf1 Bd4 24. b3 Bxc3 25. Nxc3 Nd2 26. Ne3 Rc7 27. Na4
e4 28. f4 g5 29. Qf2 gxf4 30. Qxf4 Ng6 31. Qg5 f4 32. Nb6+ 1-0

[Event "DEM U14 2017"]
[Site "Willingen GER"]
[Date "2017.06.06"]
[Round "4"]
[White "Waffenschmidt, Lars"]
[Black "Biermann, Florian"]
[Result "0-1"]
[Termination "normal"]
[Board "20"]
[WhiteElo "1810"]
[BlackElo "1853"]
[PlyCount "106"]
[WhiteFideId "16244656"]
[BlackFideId "12970069"]
[EventCountry "GER"]
[EventRounds "9"]
[EventType "swiss"]
[EventDate "2017.06.03"]

1. e4 c5 2. Nf3 e6 3. c3 b6 4. d4 Bb7 5. Bd3 Nf6 6. Qe2 Be7 7. O-O d6 8. Bg5
Nbd7 9. Nbd2 h6 10. Bh4 cxd4 11. cxd4 e5 12. Nc4 b5 13. dxe5 bxc4 14. exf6 Bxf6
15. Bxf6 cxd3 16. Qxd3 Nxf6 17. Nd4 O-O 18. Rfe1 Re8 19. Re3 Bxe4 20. Qd2 Bg6
21. Rh3 Qb6 22. Rd1 Re5 23. f4 Re4 24. Qc3 Rae8 25. Kf1 Rxf4+ 26. Kg1 Ree4 27.
Rhd3 Nd5 28. Qb3 Qc5 29. Qa4 Ne3 30. Re1 Rxd4 31. Rxd4 Rxd4 32. Qe8+ Kh7 33.
Qxe3 Re4 34. Qxc5 Rxe1+ 35. Kf2 dxc5 36. Kxe1 Be4 37. g3 f5 38. Kd2 g5 39. Kc3
Bd5 40. Kd3 f4 41. gxf4 gxf4 42. Kc3 Bxa2 43. Kd3 Kg6 44. Ke4 Kg5 45. Ke5 f3
46. Kd6 f2 47. Kc7 f1=Q 48. b4 Qf6 49. bxc5 Bd5 50. h4+ Kg6 51. h5+ Kg7 52. Kb8
Qc6 53. Kxa7 Qb7# 0-1